01059nam a2200289 i 450000100060000000300090000600500170001500800390003201500170007104000280008808000100011610000470012624500700017326000560024330000390029933600270033833700540036533800280041938000170044750400440046465800240050865500300053265000260056270000410058871000420062985600980067113521KOSZ 00520200630132828.0070913s1971 pl a f f 001 0 pol aPB 1971/4941 aWA NcWA NdKOSZ 005/RW a539.11 aBiałkowski, Grzegorzd(1932-1989).eAutor10aCząstki elementarne /cGrzegorz Białkowski, Ryszard Sosnowski. aWarszawa :bPaństwowe Wydawnictwo Naukowe,c1971. a674 strony :bilustracje ;c25 cm. aTekstbtxt2rdacontent aBez urządzenia pośredniczącegobn2rdamedia aWoluminbnc2rdacarrier aKsiążki. aBibliografia przy rozdziałach. Indeks. aFizyka i astronomia 4aPodręczniki akademickie 4aCząstki elementarne1 aSosnowski, Ryszardd(1932- ).eAutor2 aPaństwowe Wydawnictwo Naukowe4pbl. uhttp://koha.tu.koszalin.pl/cgi-bin/koha/opac-detail.pl?biblionumber=13521yKatalog online BPK